Score 0/24 Timer 06:00
3 Plays Today
% Correct
Bruce (Jaws)
98.4%
Darth Vader (The Empire Strikes Back)
91.9%
Count Dracula (Dracula)
91.4%
Wicked Witch of the West (The Wizard of Oz)
90.9%
T-800 (The Terminator)
82%
Hannibal Lecter (The Silence of the Lambs)
80%
Freddy Krueger (A Nightmare on Elm Street)
76.7%
Gordon Gekko (Wall Street)
61.7%
Norman Bates (Psycho)
58.6%
Nurse Mildred Ratched (One Flew Over the Cuckoo's Nest)
56.9%
Alex DeLarge (A Clockwork Orange)
56.1%
Regan MacNeil (The Exorcist)
53.4%
% Correct
Michael Corleone (The Godfather Part II)
52.9%
Travis Bickle (Taxi Driver)
51.8%
Amon Goeth (Schindler's List)
40.6%
Auric Goldfinger (Goldfinger)
33.2%
Joan Crawford (Mommie Dearest)
26.5%
Mr. Henry F. Potter (It's a Wonderful Life)
25.6%
Max Cady (Cape Fear)
21.1%
Dr. Christian Szell (Marathon Man)
18.5%
Frank Booth (Blue Velvet)
16%
Mrs. Iselin (The Manchurian Candidate)
13.1%
Noah Cross (Chinatown)
9.5%
Cody Jarrett (White Heat)
7.8%
Remove Ads.
Support Sporcle.
Get the best of Sporcle when you Go Orange. This ad-free experience offers more features, more stats, and more fun while also helping to support Sporcle. Thank you for becoming a member.

You're not logged in!

Compare scores with friends on all Sporcle quizzes.
OR
Log In

Show Comments

Extras

Top Quizzes Today


Score Distribution

Your Account Isn't Verified!

In order to create a playlist on Sporcle, you need to verify the email address you used during registration. Go to your Sporcle Settings to finish the process.

Report this User

Report this user for behavior that violates our Community Guidelines.

Details: